| 000 | 00644nam a2200181 a 4500 | ||
|---|---|---|---|
| 001 | 000037028 | ||
| 005 | 20211129112640.0 | ||
| 008 | 120209s1971 mx 000 0 spa d | ||
| 040 |
_aDO-SdBNP _bspa _cBNPHU |
||
| 082 |
_axxxx _bF688s |
||
| 100 | 1 |
_aFoote Whyte, William _963431 |
|
| 245 | 1 | 3 |
_aLa sociedad de las esquinas / _cWilliam Foote Whyte. |
| 260 |
_aMéxico : _bDiana, _c1971. |
||
| 300 |
_a428 p. ; _c22 cm. |
||
| 500 | _aEstudio de la sociedad de un barrio bajo que se ha convertido en un clásico de sociología | ||
| 710 | 2 |
_aCentro de Ayuda Técnica _963432 |
|
| 710 | 1 |
_a United States. _b Agency for International Development _958056 |
|
| 999 |
_c36518 _d36518 |
||